| 000 | 00560nam a22001817a 4500 | ||
|---|---|---|---|
| 003 | OSt | ||
| 005 | 20140310182024.0 | ||
| 008 | 130802t xxu||||| |||| 00| 0 eng d | ||
| 020 | _a9789814289818 | ||
| 050 |
_aDS 1 _b.Eu86 2009 |
||
| 082 |
_aTR 950 _bE941 2009 |
||
| 245 |
_aThe EU through the eyes of asia : vol. II new cases, new findings / e _cdited by Natalia Chaban, Martin Holland, Peter Ryan. |
||
| 260 |
_aNew Jersey : _bWorld Scintific, _c2009. |
||
| 300 |
_a271 p. : _c23 cm. |
||
| 650 |
_aAsia _91662 |
||
| 942 |
_2lcc _cBK-TR |
||
| 999 |
_c8434 _d8434 |
||